| 000 | 00477nam a2200181Ia 4500 | ||
|---|---|---|---|
| 008 | 240925s9999 xx 000 0 und d | ||
| 020 | _a9780230414006 | ||
| 082 | _a428.24 KER | ||
| 100 | _aKerr, Philip; Jones Ceri | ||
| 245 | 0 | _aStraight Forward 2 | |
| 250 | _a2nd | ||
| 260 |
_aCalifornia: _bMacmillan _cNA |
||
| 300 |
_a374p. _bNA _fOriginal |
||
| 500 | _aIncludes Index | ||
| 600 | _aHumanities & Natural Science | ||
| 650 | _aEnglish and Old English | ||
| 942 | _cBK | ||
| 999 |
_c14941 _d14941 |
||